| 000 | 00785nam a2200217 a 4500 | ||
|---|---|---|---|
| 999 |
_c6027 _d6027 |
||
| 001 | 6027 | ||
| 003 | BD-JhCC | ||
| 005 | 20180102100354.0 | ||
| 008 | 180101s19641966bg |||| || | 000 0 eng d | ||
| 035 | _a(BD-JhCC)6027 | ||
| 040 |
_aBD-JhCC _dBD-JhCC |
||
| 041 | _aeng | ||
| 082 |
_a512 _bPAK 1966 |
||
| 245 |
_aপ্রবেশিকা বীজগণিত নির্বাচনী পাঠ্য নবম দশম শ্রেণীর জন্য / _cজাফর আলী খান |
||
| 260 |
_aঢাকা : _bঈষ্ট পাকিস্তান স্কুল টেকস্ট বুক বোর্ড, _c1966. |
||
| 300 |
_a334 p. : _c20 cm. |
||
| 650 | _aAlgebra | ||
| 700 | _aখান, জাফর আলী | ||
| 942 |
_2ddc _cBK |
||